Podnikateľské prostredie na Slovensku z hľadiska zmien v zákone o dani z príjmov

Vybrané aktuálne zmeny zákona o dani z príjmov s účinnosťou od 1. 1. 2017 a jeho vplyv na podnikateľskú sféru na Slovensku. Zákonom č. 341/2016 Z. z. Zákon č. 595/2003 Z. z.

Gespeichert in:
Bibliographische Detailangaben
1. Verfasser: Ďurinová, Ivona, 1964-
Format: Buchkapitel
Sprache:Slowakisch
Schlagworte:
Tags: Tag hinzufügen
Keine Tags, Fügen Sie das erste Tag hinzu!

MARC

LEADER 00000nla a2200000 4500
001 0237728
005 20240502073837.5
041 0 |a slo 
044 |a SK 
245 1 0 |a Podnikateľské prostredie na Slovensku z hľadiska zmien v zákone o dani z príjmov  |c Ivona Ďurinová 
520 |a Vybrané aktuálne zmeny zákona o dani z príjmov s účinnosťou od 1. 1. 2017 a jeho vplyv na podnikateľskú sféru na Slovensku. Zákonom č. 341/2016 Z. z. Zákon č. 595/2003 Z. z. 
610 2 0 |a prostredie podnikateľské 
610 2 0 |a Slovensko 
610 2 0 |a politika daňová 
610 2 0 |a výdavky daňové 
610 2 0 |a dividendy 
610 2 0 |a legislatíva 
610 2 0 |a podnik 
100 1 |a Ďurinová, Ivona, 1964-